000 00352nam a22001337a 4500
020 _a9780030723070
040 _cNust
082 _a621.3192
_bFRA
100 _aFranco
_9125233
245 _aElectric circuit fundamentals
260 _aNew York:
_bHarcourt brace college,
_c1995.
650 _aElectric circuit fundamentals
_977745
942 _2ddc
_cBK
999 _c610999
_d610999